Welcome to CU Library Online Public Access Catalogue (OPAC)

Beginning and intermediate algebra / (Record no. 1237)

MARC details
000 -LEADER
fixed length control field 00615cam a22002054a 4500
001 - CONTROL NUMBER
control field 12226171
005 - DATE AND TIME OF LATEST TRANSACTION
control field 20241115110626.0
008 - FIXED-LENGTH DATA ELEMENTS--GENERAL INFORMATION
fixed length control field 001108s2001 njua 001 0 eng
020 ## - INTERNATIONAL STANDARD BOOK NUMBER
International Standard Book Number 9780130166364
050 00 - LIBRARY OF CONGRESS CALL NUMBER
Classification number QA152.2
Item number .M3674 2001
082 00 - DEWEY DECIMAL CLASSIFICATION NUMBER
Classification number 512.9
Edition information 21
100 1# - MAIN ENTRY--PERSONAL NAME
Personal name Martin-Gay, K. Elayn,
Dates associated with a name 1955-
245 10 - TITLE STATEMENT
Title Beginning and intermediate algebra /
Statement of responsibility, etc. K. Elayn Martin-Gay.
250 ## - EDITION STATEMENT
Edition statement 2nd ed.
260 ## - PUBLICATION, DISTRIBUTION, ETC.
Place of publication, distribution, etc. Upper Saddle River, N.J. :
Name of publisher, distributor, etc. Prentice Hall,
Date of publication, distribution, etc. c2001.
300 ## - PHYSICAL DESCRIPTION
Extent 1 v. (various pagings) :
Other physical details col. ill. ;
Dimensions 27 cm.
500 ## - GENERAL NOTE
General note Includes index.
650 #0 - SUBJECT ADDED ENTRY--TOPICAL TERM
Topical term or geographic name entry element Algebra.
942 ## - ADDED ENTRY ELEMENTS (KOHA)
Source of classification or shelving scheme Library of Congress Classification
Koha item type Books
Edition 2nd Ed.
Suppress in OPAC No
999 ## -
-- 1237
-- 1237
Holdings
Withdrawn status Lost status Source of classification or shelving scheme Damaged status Not for loan Collection Home library Current library Shelving location Date acquired Total checkouts Full call number Barcode Date last seen Copy number Price effective from Koha item type
    Library of Congress Classification     Non-fiction Science Library (Miotso) Science Library (Miotso) General stacks 11/15/2024   QA152.2 .M367 MAR SLM00000607 11/15/2024 1 11/15/2024 Books
© 2023-2024 Copyright: Central University Libraries. All Rights Reserved | Created by: Mahone Tech Office